000
00310pam a2200145 a 4500
020
_c
041
_h
082
_a
617
_b
GRE
100
_a
Mark S. Greenberg .
245
_a
Handbook of Neurosurgery
_h
Textual Documents
250
_a
7th ed. .
260
_b
Thieme
_c
2010
300
_a
1337.
930
_a
10244
999
_c
10237
_d
10237